LIBRARY & INFORMATION CENTRE, KCAET, TAVANUR

ONLINE PUBLIC ACCESS CATALOGUE (OPAC)

Land drainage : Principles, methods and applications / (Record no. 761)

MARC details
000 -LEADER
fixed length control field 00445cam a2200169ua 4500
020 ## - INTERNATIONAL STANDARD BOOK NUMBER
ISBN 9788125927761
082 ## - DEWEY DECIMAL CLASSIFICATION NUMBER
Classification number 631.587 2
Item number BHA/LA
100 ## - MAIN ENTRY--AUTHOR NAME
Personal name Bhattacharya, A K .
245 ## - TITLE STATEMENT
Title Land drainage : Principles, methods and applications /
250 ## - EDITION STATEMENT
Edition statement 1 /
260 ## - PUBLICATION, DISTRIBUTION, ETC. (IMPRINT)
Place of publication Delhi :
Name of publisher Konark Publishers Private Limited ,
Year of publication 2003.
300 ## - PHYSICAL DESCRIPTION
Number of Pages 732 ; .
500 ## - GENERAL NOTE
General note 20788-Reference
650 ## - SUBJECT ADDED ENTRY--TOPICAL TERM
Topical Term Drainage
700 1# - ADDED ENTRY--PERSONAL NAME
Personal name Michael, A.M.
942 ## - ADDED ENTRY ELEMENTS (KOHA)
Koha item type Books
Holdings
Withdrawn status Lost status Damaged status Home library Current library Date acquired Full call number Accession Number Koha item type Collection code Shelving location Cost, normal purchase price
      KAUAET KAUAET 07/04/2012 631.587 2 BHA/LA 20779 Books      
Withdrawn     KAUAET KAUAET 07/04/2012 631.587 2 BHA/LA 20780 Books      
      KAUAET KAUAET 07/04/2012 631.587 2 BHA/LA 20781 Books      
      KAUAET KAUAET 07/04/2012 631.587 2 BHA/LA 20782 Books      
      KAUAET KAUAET 07/04/2012 631.587 2 BHA/LA 20783 Books      
Withdrawn     KAUAET KAUAET 07/04/2012 631.587 2 BHA/LA 20784 Books      
      KAUAET KAUAET 07/04/2012 631.587 2 BHA/LA 20785 Books      
      KAUAET KAUAET 07/04/2012 631.587 2 BHA/LA 20786 Books      
      KAUAET KAUAET 07/04/2012 631.587 2 BHA/LA 20787 Books      
      KAUAET KAUAET 07/04/2012 631.587 2 BHA/LA 20788 Books      
      KAUAET KAUAET 07/04/2012 631.587 2 BHA/LA 22248 Books      
      KAUAET KAUAET 07/04/2012 631.587 2 BHA/LA 22249 Books      
      KAUAET KAUAET 07/04/2012 631.587 2 BHA/LA 22250 Books      
      KAUAET KAUAET 31/03/2012 631.587 2 BHA/LA 22361 Books Non-fiction General Stacks  
      KAUAET KAUAET 31/03/2012 631.587 2 BHA/LA 22362 Books Non-fiction General Stacks  
      KAUAET KAUAET 31/03/2012 631.587 2 BHA/LA 22363 Books Non-fiction General Stacks  
      KAUAET KAUAET 31/03/2012 631.587 2 BHA/LA 22364 Books Non-fiction General Stacks  
      KAUAET KAUAET 31/03/2012 631.587 2 BHA/LA 22365 Books Non-fiction General Stacks  
      KAUAET KAUAET 31/03/2012 631.587 2 BHA/LA 22366 Books Non-fiction General Stacks  
      KAUAET KAUAET 31/03/2012 631.587 2 BHA/LA 22367 Books Non-fiction General Stacks  
      KAUAET KAUAET 31/03/2012 631.587 2 BHA/LA 22368 Books Non-fiction General Stacks  
      KAUAET KAUAET 31/03/2012 631.587 2 BHA/LA 22369 Books Non-fiction General Stacks  
      KAUAET KAUAET 31/03/2012 631.587 2 BHA/LA 22370 Books Non-fiction General Stacks  
      KAUAET KAUAET 18/10/2012 631.587 2 BHA/LA BB188 Book Bank scheme for SC students Non-fiction Scheme 450.00
      KAUAET KAUAET 18/10/2012 631.587 2 BHA/LA BB189 Book Bank scheme for SC students Non-fiction Scheme 450.00
free website counter